| 000 | 00620nam a2200193 a 4500 | ||
|---|---|---|---|
| 001 | 000042968 | ||
| 005 | 20201002040533.0 | ||
| 008 | 140213s1990 cr 000 0 spa d | ||
| 020 | _a9977060010 | ||
| 040 |
_aDO-SdBNP _bspa _cBNPHU |
||
| 100 | 1 |
_aRico, José Ma. _970460 |
|
| 245 | 1 | 0 |
_aCarrera Judicial en America Latina / _cJosé Ma. Rico, Luis Salas. |
| 260 |
_aSan José, Costa Rica : _bCentro para la Administración de Justicia, _c1990. |
||
| 300 |
_a48 p. ; _c21 cm. |
||
| 490 | 1 |
_aMonografias _v2 |
|
| 500 | _aIncluye notas a pie de páginas | ||
| 700 | 1 |
_aSalas, Luis _970453 |
|
| 830 | 0 |
_aMonografias _v2 _915334 |
|
| 999 |
_c42457 _d42457 |
||